000 00854cam a2200229 a 4500
001 000014674
005 20200929163901.0
008 070515s1973 pr b 001 0 spa
040 _aDO-SdBNP
_bspa
_cDLC
_dBNPHU
082 _a301.451
_bS129r
100 1 _aSagrera, Martín.
_d1935-
_926705
245 1 0 _aRacismo y política en Puerto Rico :
_bla desintegración interna y externa de un pueblo. /
_cMartín Sagrera.
260 _aRio Piedras, (Puerto Rico) :
_bEditorial Edil,
_c1973.
300 _a157 p. ;
_c18 cm.
504 _aIncluye referencias bibliográficas (p. 151-157)
650 4 _aNacionalismo negro
_zPuerto Rico
_933243
651 4 _aPuerto Rico
_xRelaciones Raciales
_933244
650 4 _aPuertorriqueños
_zEstados Unidos
_933245
650 4 _aNacionalismo
_zPuerto Rico
_933246
910 _aCatalogación por copia / LC
049 _aBNGR
999 _c14258
_d14258